Geometry Dash - Extreme Demons Starting with C (Pre-2.2) - Statistics

General Stats
  • This quiz has been taken 210 times
    42 since last reset
  • The average score is 20 of 81
Answer Stats
Publisher Answer % Correct
Ggb0y Cataclysm
96%
EndLevel Cognition
50%
KrmaL Conical Depression
50%
TrueOmega Crimson Planet
50%
Cersia Cersia Madness
46%
AlrexX Crackhead Circles
46%
Zeronium Crystal
46%
Cersia Cersia Difficult
42%
NineDice Cobwebs
42%
TCTeam Codependence
42%
ViPriN Cybernetic Crescent
42%
Pennutoh Cadrega City
38%
para Cold Sweat
38%
DreamZoneGD ConClusion
38%
APTeamOfficial Cosmic Cyclone
38%
Awedsy Calamity
33%
Walroose Calculator Core
33%
IcEDCave Cat Planet
33%
Cersia COMBUSTION
33%
DreamZoneGD ConFusion
33%
Presta Congregation
33%
JamAttack The {Cellar Path}
33%
Cinny The{CinnyBun}
33%
TCTeam Cadrega Mode
29%
Findexi Carnage Mode
29%
MindCap Celestial Force
29%
Cirtrax Chromatic Haze
29%
spcreat Cimmerian Shade
29%
DreamZoneGD ConTroller
29%
awesomeme360 Coral Cave
29%
Zeniux Critical Heat
29%
ZephiroX Catalyze
25%
JustaGDplay3r Caution
25%
Renn241 CHROMA FINALE
25%
Renn241 CHROMA II
25%
Pennutoh Cosmorush 21
25%
zDeadlox Crowd Control
25%
Zeniux Crystal Crusher
25%
BIANOX CYCLONE
25%
nothawkyre Call Me Maybe
21%
Asuith Carcano
21%
ivyteal cave of heart
21%
NateFH cerebral hemorrhage
21%
SirPotatOwO Cerebral Torment
21%
CairoX Concaved Memories
21%
NateFH Crippled Depression
21%
cherryteam cytokinesis
21%
Meroo Castling
17%
Lia Chainsaw
17%
shaggy23 CholeriX
17%
Darwin CICADA3302
17%
HushLC Climax
17%
MCres CONNECT
17%
Akunakunn Coolie Mazie Paloozi
17%
Moosh CORRODERE
17%
Killa Corrosion
17%
AlrexX Cosmic Cluster
17%
Relayx Cromulent
17%
vyp Cupid
17%
ked4ri Curie
17%
L4TeZk Callisto
13%
GiaMmiX ChopStep
13%
Wintter Cicatrize
13%
Enfur Cluttered Confusion
13%
Hero3210 Complementary Cruise
13%
4yoet CRIDIUM
13%
ThatJack Cyberstorm
13%
waffybun Carbon
8%
Bontic Ch1ll Puddy
8%
Girlbossed CITRA
8%
Avanna CLOWNS
8%
Rynoxiouss Collect All Pets
8%
iYene Cosmic Cluster II
8%
Aquatias Cosmic Ray
8%
Fafenel court circuit
8%
efext Circuit Breaker
4%
CybayaGD corrupted volume
4%
uan Crowded Void
4%
EnTrix23 Chub Chub
0%
DigitalWarpstar cloudscape
0%
fwwe Collapse
0%
No matching quizzes found
Score Distribution
Percent of People with Each Score
Percentile by Number Answered
Your Score History
You have not taken this quiz since the last reset